00311nam a2200109Ia 4500008004000000082001600040100002200056245005200078260002600130300000700156650003800163210210b1965 xxu||||| |||| 00| 0 eng d a745.61 DABS aDABOLL (Raymond). aSpeedball textbook for pen and brush lettering. abNot Mentionedc1965 a96 aLettering, Writing, Calligraphy